History by Images - 'D' - Statistics

General Stats
  • This quiz has been taken 77 times
  • The average score is 8 of 16
Answer Stats
Picture Hint Answer % Correct
June 6, 1944 D Day
97%
34th U.S. President Dwight D. Eisenhower
88%
Destroyed by WW2 bombing Dresden
85%
The ___ Fox Desert
75%
Greek architectural order Doric
70%
Ancient priest Druid
63%
Great Persian king Darius
61%
Capital of the Caliphate Damascus
58%
"I shall return" Douglas MacArthur
52%
Venetian 'Duke' Doge
42%
Indonesia Dutch East Indies
42%
Founded a city in 814 BC Dido
27%
The 'Artist' of this 'Art' Diego Velazquez
25%
Occupied by Illyrians in 1000 BC Dalmatia
21%
Operation in Dunkirk Dynamo
6%
A Harrapan site Dholavira
1%
No matching quizzes found
Score Distribution
Percent of People with Each Score
Percentile by Number Answered
Your Score History
You have not taken this quiz